Postaci historyczne w filmie. - Statystyki

Ogólne statystyki
  • Ten quiz został rozwiązany 23 razy
  • Średni wynik to 7 z 15
Statystyki odpowiedzi
Obrazkowy Odpowiedź % Poprawnych
Karol Wojtyła
95%
Józef Piłsudski
76%
Zbigniew Religa
76%
Napoleon Bonaparte
67%
Jan Sobieski
52%
Jerzy Popiełuszko
52%
Jan Kazimierz Waza
43%
Ryszard Kukliński
38%
Barbara Radziwiłłówna
29%
George Sand
29%
Danuta Wałęsa
24%
Emil Fieldorf
24%
Władysław Sikorski
24%
Henryk Sucharski
14%
Stanisław Ignacy Witkiewicz
10%
Nie znaleziono quizów pasujących do podanych kryteriów
Rozkład punktacji
Procent ludzi z każdym wynikiem
Percentyl według liczby udzielonych odpowiedzi
Twoja historia wyników
Nie rozwiązałeś tego quizu